000
00306 a2200157 4500
001
161614
020
_a
040
_c
Magnum
100
_a
França, Mary
240
1
0
_a
Dia de sol
_l
por
245
1
0
_a
Dia de sol
362
0
_a
1899
440
1
_a
Ática
697
_a
I/AVENTURA, CRIANCAS
942
_c
BK
999
_c
161614
_d
161614